Finance sense : (Record no. 42365)
[ view plain ]
| 000 -LEADER | |
|---|---|
| fixed length control field | 02760nam a22004097a 4500 |
| 005 - DATE AND TIME OF LATEST TRANSACTION | |
| control field | 20100818111233.0 |
| 010 ## - LCCN (DPL NO) | |
| LC control number | ENG-100810 B-426739-749 |
| 020 ## - INTERNATIONAL STANDARD BOOK NUMBER | |
| International Standard Book Number | 9780070680203 |
| Terms of availability | 425.00 |
| 035 ## - SYSTEM CONTROL NUMBER | |
| System control number | EN-84343 B-426739-749 |
| 037 ## - SOURCE OF ACQUISITION | |
| Source of stock number/acquisition | DBAD/PUB |
| 037 ## - SOURCE OF ACQUISITION | |
| Source of stock number/acquisition | Allied Pub/Ven |
| 082 ## - DEWEY DECIMAL CLASSIFICATION NUMBER | |
| Classification number | 332 |
| 100 ## - MAIN ENTRY--PERSONAL NAME | |
| Personal name | Chandra, Prasanna |
| 245 ## - TITLE STATEMENT | |
| Title | Finance sense : |
| Statement of responsibility, etc | by Prasanna Chandra |
| Remainder of title | finance for non-finance executives / |
| 250 ## - EDITION STATEMENT | |
| Edition statement | 4th ed. |
| 260 ## - PUBLICATION, DISTRIBUTION, ETC. (IMPRINT) | |
| Place of publication, distribution, etc | New Delhi |
| Name of publisher, distributor, etc | Tata McGraw Hill Education |
| Date of publication, distribution, etc | 2010 |
| 270 ## - ADDRESS | |
| Address | 7 West Patel Nagar |
| City | New Delhi |
| Postal code | 110008 |
| 300 ## - PHYSICAL DESCRIPTION | |
| Extent | xvi, 495 p. |
| Dimensions | 24cm (Pbk) |
| 490 ## - SERIES STATEMENT | |
| Series statement | CFM-TMH Professional Series in Finance |
| -- | 27542 |
| 500 ## - GENERAL NOTE | |
| General note | Includes index |
| 650 ## - SUBJECT ADDED ENTRY--TOPICAL TERM | |
| Topical term or geographic name as entry element | Financial economics |
| 700 ## - ADDED ENTRY--PERSONAL NAME | |
| 9 (RLIN) | 4162 |
| 942 ## - ADDED ENTRY ELEMENTS (KOHA) | |
| Source of classification or shelving scheme | Dewey Decimal Classification |
| Item type | English Books |
| Classification part | 332 |
| Call number suffix | CHA |
| Withdrawn status | Lost status | Not for loan | Collection code | Home library | Current library | Date acquired | Cost, normal purchase price | Full call number | Barcode | Copy number | Cost, replacement price | Koha item type | Source of acquisition | Public note |
|---|---|---|---|---|---|---|---|---|---|---|---|---|---|---|
| Non-fiction | Central Library | Central Library | 02/05/2011 | 425.00 | 332 CHA | B-426739 | 1 | 425.00 | English Books | Allied Pub/2908/25.3.11/78/14.3.11/29.3.11 | ||||
| Not For Loan | Non-fiction | D.B.Act.Division | D.B.Act.Division | 18/08/2010 | 425.00 | 332 CHA | EN-84343 | 1 | 425.00 | English Books | ||||
| Non-fiction | Mobile Library | Mobile Library | 02/05/2011 | 425.00 | 332 CHA | B-426740 | 5 | 425.00 | English Books | Allied Pub/2908/25.3.11/78/14.3.11/29.3.11 | ||||
| Non-fiction | Mobile Library | Mobile Library | 02/05/2011 | 425.00 | 332 CHA | B-426741 | 5 | 425.00 | English Books | Allied Pub/2908/25.3.11/78/14.3.11/29.3.11 | ||||
| Non-fiction | Mobile Library | Mobile Library | 02/05/2011 | 425.00 | 332 CHA | B-426742 | 5 | 425.00 | English Books | Allied Pub/2908/25.3.11/78/14.3.11/29.3.11 | ||||
| Non-fiction | Mobile Library | Mobile Library | 02/05/2011 | 425.00 | 332 CHA | B-426743 | 5 | 425.00 | English Books | Allied Pub/2908/25.3.11/78/14.3.11/29.3.11 | ||||
| Non-fiction | Mobile Library | Mobile Library | 02/05/2011 | 425.00 | 332 CHA | B-426744 | 5 | 425.00 | English Books | Allied Pub/2908/25.3.11/78/14.3.11/29.3.11 | ||||
| Non-fiction | Patel Nagar | Patel Nagar | 02/05/2011 | 425.00 | 332 CHA | B-426745 | 1 | 425.00 | English Books | Allied Pub/2908/25.3.11/78/14.3.11/29.3.11 | ||||
| Non-fiction | R.C.Libraries (BL-IV) | R.C.Libraries (BL-IV) | 02/05/2011 | 425.00 | 332 CHA | B-426748 | 2 | 425.00 | English Books | Allied Pub/2908/25.3.11/78/14.3.11/29.3.11 | ||||
| Written off | Non-fiction | R.C.Libraries (BL-IV) | R.C.Libraries (BL-IV) | 02/05/2011 | 425.00 | 332 CHA | B-426749 | 2 | 425.00 | English Books | Allied Pub/2908/25.3.11/78/14.3.11/29.3.11 | Written off vide C-30021/05/2022/Estt./110 dt.07.11.22 | ||
| Non-fiction | Sarojini Nagar | Sarojini Nagar | 02/05/2011 | 425.00 | 332 CHA | B-426746 | 1 | 425.00 | English Books | Allied Pub/2908/25.3.11/78/14.3.11/29.3.11 | ||||
| Non-fiction | Shahdara Branch | Shahdara Branch | 02/05/2011 | 425.00 | 332 CHA | B-426747 | 1 | 425.00 | English Books | Allied Pub/2908/25.3.11/78/14.3.11/29.3.11 |
